| 000 | 00350nam a22001337a 4500 | ||
|---|---|---|---|
| 008 | 250428b |||||||| |||| 00| 0 eng d | ||
| 020 | _a0136622136 | ||
| 050 |
_aHD9560.6 _b.M33 |
||
| 100 | _aPetroleum Evaluating and Economic Decision | ||
| 245 | _aMcCRAY Arthur W, | ||
| 260 |
_aU.S.A _bPrentice-Hall Inc. _c1975 |
||
| 300 | _axiv, 448p. | ||
| 942 | _cBK | ||
| 999 |
_c3182 _d3182 |
||